Ethnography and qualitative design in educational research / (Record no. 13082)

000 -LEADER
fixed length control field 00980cam a2200301 a 4500
001 - CONTROL NUMBER
control field 4241804
003 - CONTROL NUMBER IDENTIFIER
control field OSt
005 - DATE AND TIME OF LATEST TRANSACTION
control field 20160809155932.0
008 - FIXED-LENGTH DATA ELEMENTS--GENERAL INFORMATION
fixed length control field 830906s1984 flua b 001 0 eng
010 ## - LIBRARY OF CONGRESS CONTROL NUMBER
LC control number 83015713
020 ## - INTERNATIONAL STANDARD BOOK NUMBER
International Standard Book Number 0122874803
020 ## - INTERNATIONAL STANDARD BOOK NUMBER
Canceled/invalid ISBN 0124402801
040 ## - CATALOGING SOURCE
Original cataloging agency DLC
Transcribing agency DLC
Modifying agency DLC
050 00 - LIBRARY OF CONGRESS CALL NUMBER
Classification number LB1028
Item number .G55 1984
082 00 - DEWEY DECIMAL CLASSIFICATION NUMBER
Classification number 370/.7/8
Edition number 19
100 1# - MAIN ENTRY--PERSONAL NAME
Personal name Preissle, Judith.
245 10 - TITLE STATEMENT
Title Ethnography and qualitative design in educational research /
Statement of responsibility, etc. Judith Preissle Goetz, Margaret Diane LeCompte.
260 ## - PUBLICATION, DISTRIBUTION, ETC. (IMPRINT)
Place of publication, distribution, etc. Orlando, Fla. :
Name of publisher, distributor, etc. Academic Press,
Date of publication, distribution, etc. 1984.
300 ## - PHYSICAL DESCRIPTION
Extent xii, 292 p. :
Other physical details ill. ;
Dimensions 24 cm.
500 ## - GENERAL NOTE
General note Includes indexes.
504 ## - BIBLIOGRAPHY, ETC. NOTE
Bibliography, etc Bibliography: p. 246-276.
650 #0 - SUBJECT ADDED ENTRY--TOPICAL TERM
Topical term or geographic name as entry element Education
General subdivision Research.
650 #0 - SUBJECT ADDED ENTRY--TOPICAL TERM
Topical term or geographic name as entry element Ethnology
General subdivision Methodology.
650 #0 - SUBJECT ADDED ENTRY--TOPICAL TERM
Topical term or geographic name as entry element Education
General subdivision Evaluation
-- Methodology.
700 1# - ADDED ENTRY--PERSONAL NAME
Personal name LeCompte, Margaret Diane.
906 ## - LOCAL DATA ELEMENT F, LDF (RLIN)
a 7
b cbc
c orignew
d 1
e ocip
f 19
g y-gencatlg
942 ## - ADDED ENTRY ELEMENTS (KOHA)
Source of classification or shelving scheme
Koha item type Hard Covered Materials
Classification part LB 1028 .G55 1984
Holdings
Withdrawn status Lost status Source of classification or shelving scheme Damaged status Not for loan Home library Current library Date acquired Source of acquisition Total Checkouts Full call number Barcode Date last seen Price effective from Koha item type
          MACHAKOS UNIVERSITY LIBRARY MACHAKOS UNIVERSITY LIBRARY 09/08/2016 Donation(BFA)   LB 1028 .G55 1984 24781 16/07/2019 09/08/2016 Hard Covered Materials
© Machakos University Library, Along The Highway, Machakos Wote Rd, Machakos, Kenya P.O. Box 136 - 90100 Machakos - Kenya

Tel: ( +254 ) 723 805829 OR Fax : 044-20353 OR Email: library@mksu.ac.ke